USA-Canada Border Trivia (HARD!) - Statistics

General Stats
  • This quiz has been taken 22 times
  • The average score is 13 of 43
Answer Stats
Hint Answer % Correct
Name of the famous waterfall and river connecting Lake Erie to Lake Ontario Niagara
100%
War in which the U.S.A. attacked and captured the above mentioned fort War of 1812
67%
Total # of states bordering Canada 13
61%
Total # of provinces bordering USA 7
61%
The only Great Lake not intersected by the international border Lake Michigan
61%
The only Great Lake not touched by Michigan Lake Ontario
61%
Ontario's only land border is with this state Minnesota
56%
State with the longest border Alaska
50%
Largest city directly on the border Detroit, MI
44%
This state only has 1 land crossing into Canada New Hampshire
44%
Canadian territory that borders USA Yukon
44%
American National Park located in the Rocky Mountains on the Canadian border Glacier National Park, MT
39%
Latitudinal Parallel marking the border from the Pacific Ocean to Minnesota 49
33%
The bay into which the above mentioned river flows Bay of Fundy
33%
State with the shortest border Pennsylvania
33%
The Coho ferry carries passengers from Port Angeles, Washington to this Canadian city Victoria, BC
33%
Canadian border town which profited most from the above mentioned legislation Windsor, ON
33%
This state only has 2 land crossings into Canada Idaho
28%
Kenora, Ontario sits on this lake at which the border produces the contiguous U.S.A.'s northernmost point Lake of the Woods
28%
U.S.A. legislation passed in 1920 creating an opportunity for Canadian smuggling Prohibition
28%
The Spirit of Ontario Ferry carried passengers from Toronto to this U.S. city Rochester, NY
28%
City in both Ontario and Michigan founded as a French mission in 1668 Sault Ste. Marie
28%
River forming the southern border of New Brunswick with Maine St. Croix River
28%
Famous Shawnee leader and namesake of the confederacy which fought alongside the British Canadians in the above mentioned war Tecumseh
28%
Name of the sea hosting the above mentioned islands Salish Sea
22%
Archipelago between Vancouver Island and mainland Washington San Juan Islands
22%
Canadian National Park located in the Rocky Mountains on the U.S. border Waterton National Park, AB
22%
The year in which the final changes to the land border were made 1903
17%
Name of the lake spanning both countries where the above mentioned city stands Champlain
17%
The confederacy founded along the Great Lakes sometime between 1450-1660 Iroquois
17%
Disputed island in the Gulf of Maine claimed by both countries Machias Seal Island
17%
The airport in this city promotes itself as "Montreal's American Airport" Plattsburgh, NY
17%
The busiest crossing on the border is this bridge Ambassador Bridge
11%
The largest shipwreck in Great Lakes history Edmund Fitzgerald
11%
British fort originally built in 1764 on the above mentioned river Fort Erie
11%
Tectonic plate along the above mentioned sea Juan de Fuca
11%
"Pass" designed to speed up border crossings for low-risk, pre-approved travellers into Canada and the U.S.A. Nexus
11%
Wine-growing island in Lake Erie with ferry service to Sandusky, Ohio and Leamington, Ontario Pelee Island
11%
Town in Washington State cut off by the above mentioned parallel Point Roberts, WA
11%
Easternmost border crossing in Ontario is at this city Cornwall, ON
6%
Monument of international friendship erected on the Westernmost point of the border Peace Arch
6%
The U.S.A.'s largest national forest Tongass National Forest
6%
Westernmost border crossing and a major passenger ferry terminal in B.C. Tsawwassen, BC
6%
No matching quizzes found
Score Distribution
Percent of People with Each Score
Percentile by Number Answered
Your Score History
You have not taken this quiz